[Event "GER-ch U18 sf Berlin Online"]
[Site "Playchess.com INT"]
[Date "2020.05.01"]
[Round "3"]
[White "Schnelle, Benjamin"]
[Black "Heiligtag, Matthias"]
[Result "0-1"]
[WhiteElo "1620"]
[BlackElo "1713"]
[PlyCount "30"]
[EventDate "2020.05.01"]
[EventType "swiss (blitz)"]
[EventRounds "13"]
[EventCountry "GER"]
[SourceTitle "CBM 195 Extra"]
[Source "ChessBase"]
[SourceDate "2020.05.31"]
[SourceVersion "1"]
[SourceVersionDate "2020.05.31"]
[SourceQuality "1"]

1. d4 Nf6 2. Nf3 e6 3. c4 b6 4. Nc3 Bb4 5. Bf4 Bxc3+ 6. bxc3 Bb7 7. e3 0-0 8. d5 exd5 9. cxd5 Nxd5 10. Bg3 Nxc3 11. Qc2 Bxf3 12. gxf3 Nd5 13. e4 Nb4 14. Qxc7 Qxc7 15. Bxc7 Nc2+ 0-1

[Event "GER-ch U18 sf Berlin Online"]
[Site "Playchess.com INT"]
[Date "2020.05.01"]
[Round "9"]
[White "Schnelle, Benjamin"]
[Black "Kern, Jennifer"]
[Result "0-1"]
[WhiteElo "1620"]
[BlackElo "1620"]
[PlyCount "92"]
[EventDate "2020.05.01"]
[EventType "swiss (blitz)"]
[EventRounds "13"]
[EventCountry "GER"]
[SourceTitle "CBM 195 Extra"]
[Source "ChessBase"]
[SourceDate "2020.05.31"]
[SourceVersion "1"]
[SourceVersionDate "2020.05.31"]
[SourceQuality "1"]

1. d4 d5 2. c4 e6 3. Nc3 Nf6 4. Nf3 c5 5. Bf4 Nc6 6. e3 Bd7 7. Bd3 Qb6 8. dxc5 Bxc5 9. b3 Bb4 10. Qd2 0-0 11. 0-0 Qa5 12. Rfc1 Ba3 13. Rc2 Bb4 14. h3 Rad8 15. Qc1 Rfe8 16. Qb2 e5 17. Bg5 d4 18. exd4 exd4 19. Ne4 Bc3 20. Nxc3 dxc3 21. Qxc3 Qxc3 22. Rxc3 Nb4 23. Be2 Rxe2 24. Kf1 Ree8 25. Bxf6 gxf6 26. a3 Nc6 27. b4 a6 28. b5 axb5 29. cxb5 Ne5 30. Nxe5 fxe5 31. Rg3+ Kh8 32. Re1 Bxb5+ 33. Kg1 f5 34. Rge3 e4 35. f3 exf3 36. Rxe8+ Rxe8 37. Rxe8+ Bxe8 38. gxf3 Kg7 39. Kg2 Kf6 40. Kg3 b6 41. Kf4 h5 42. h4 Bd7 43. Ke3 Ke5 44. f4+ Ke6 45. Kd4 Kd6 46. a4 Bxa4 0-1